000 00746nam a22002177a 4500
003 UA-OsUOA
001 127995
007 ta
008 20171227b un ||||| |||| 00| 0 ukr d
100 _aАнтонюк В.
090 _a330(477)
_bА72
942 _cSA
040 _aUA-OsUOA
_bukr
_cUA-OsUOA
_dUA-OsUOA
245 _aРинок праці промисловості України в контексті цілей сталого розвитку: стан, проблеми та пріоритети їх вирішення
300 _aС.3-12
955 _a0
041 _aukr
080 _a330(477)
773 0 _w127994
_tУкраїна: аспекти праці
_dК.
_d2017
_g4
650 7 _a330 Економіка взагалі
_2UDC
999 _c415296
_d415296